<?xml version="1.0" encoding="UTF-8"?>
<record
    xmlns:xsi="http://www.w3.org/2001/XMLSchema-instance"
    xsi:schemaLocation="http://www.loc.gov/MARC21/slim http://www.loc.gov/standards/marcxml/schema/MARC21slim.xsd"
    xmlns="http://www.loc.gov/MARC21/slim">

  <leader>01930cam a22003613a 4500</leader>
  <controlfield tag="001">13511072</controlfield>
  <controlfield tag="003">FISKH</controlfield>
  <controlfield tag="005">20230224102829.0</controlfield>
  <controlfield tag="008">040303s2003    nyu    c      000 1 eng d</controlfield>
  <datafield tag="010" ind1=" " ind2=" ">
    <subfield code="a">2004266452</subfield>
  </datafield>
  <datafield tag="020" ind1=" " ind2=" ">
    <subfield code="a">0765345706</subfield>
  </datafield>
  <datafield tag="035" ind1=" " ind2=" ">
    <subfield code="a">(OCoLC)ocm52452735</subfield>
  </datafield>
  <datafield tag="040" ind1=" " ind2=" ">
    <subfield code="a">IOU</subfield>
    <subfield code="c">IOU</subfield>
    <subfield code="d">OCLCQ</subfield>
    <subfield code="d">DLC</subfield>
    <subfield code="d">FISKH</subfield>
    <subfield code="b">eng</subfield>
  </datafield>
  <datafield tag="050" ind1="0" ind2="0">
    <subfield code="a">PZ7</subfield>
    <subfield code="b">.L96775</subfield>
  </datafield>
  <datafield tag="082" ind1=" " ind2=" ">
    <subfield code="a">808.83</subfield>
  </datafield>
  <datafield tag="100" ind1="1" ind2=" ">
    <subfield code="a">Lubar, David.</subfield>
  </datafield>
  <datafield tag="245" ind1="1" ind2="0">
    <subfield code="a">In the land of the lawn weenies and other misadventures /</subfield>
    <subfield code="c">David Lubar.</subfield>
  </datafield>
  <datafield tag="250" ind1=" " ind2=" ">
    <subfield code="a">1st Starscape ed.</subfield>
  </datafield>
  <datafield tag="260" ind1=" " ind2=" ">
    <subfield code="a">New York :</subfield>
    <subfield code="b">Starscape,</subfield>
    <subfield code="c">2003.</subfield>
  </datafield>
  <datafield tag="300" ind1=" " ind2=" ">
    <subfield code="a">240 p.</subfield>
    <subfield code="c">20 cm.</subfield>
  </datafield>
  <datafield tag="500" ind1=" " ind2=" ">
    <subfield code="a">"A Tom Doherty Associates book."</subfield>
  </datafield>
  <datafield tag="505" ind1="0" ind2="0">
    <subfield code="t">Fairy in a jar --</subfield>
    <subfield code="t">The touch --</subfield>
    <subfield code="t">At the wrist --</subfield>
    <subfield code="t">Crizzles --</subfield>
    <subfield code="t">Light as a feather, stiff as a board --</subfield>
    <subfield code="t">The evil tree --</subfield>
    <subfield code="t">Kidzilla --</subfield>
    <subfield code="t">Everyone's a winner --</subfield>
    <subfield code="t">A little off the top --</subfield>
    <subfield code="t">The slide --</subfield>
    <subfield code="t">Big kids --</subfield>
    <subfield code="t">Your worst nightmare --</subfield>
    <subfield code="t">Phone ahead --</subfield>
    <subfield code="t">Sand sharks --</subfield>
    <subfield code="t">On the road --</subfield>
    <subfield code="t">The language of beasts --</subfield>
    <subfield code="t">Class trip --</subfield>
    <subfield code="t">Collared --</subfield>
    <subfield code="t">The substitute --</subfield>
    <subfield code="t">The vampire's rat --</subfield>
    <subfield code="t">Slugs --</subfield>
    <subfield code="t">Snakeland --</subfield>
    <subfield code="t">Burger and fries --</subfield>
    <subfield code="t">Game over --</subfield>
    <subfield code="t">Smunkies --</subfield>
    <subfield code="t">Pretty Polly --</subfield>
    <subfield code="t">Join the party --</subfield>
    <subfield code="t">The billion legger --</subfield>
    <subfield code="t">The battle-ax --</subfield>
    <subfield code="t">In the land of the lawn weenies --</subfield>
    <subfield code="t">Sunburn --</subfield>
    <subfield code="t">Thin silk --</subfield>
    <subfield code="t">The witch's monkey --</subfield>
    <subfield code="t">As you say --</subfield>
    <subfield code="t">Hide --</subfield>
    <subfield code="t">Where does all this stuff come from?</subfield>
  </datafield>
  <datafield tag="521" ind1="1" ind2=" ">
    <subfield code="a">570</subfield>
    <subfield code="b">Lexile</subfield>
  </datafield>
  <datafield tag="521" ind1="1" ind2=" ">
    <subfield code="a">K</subfield>
    <subfield code="b">Raz-Plus</subfield>
  </datafield>
  <datafield tag="650" ind1=" " ind2="0">
    <subfield code="a">Horror tales, American</subfield>
    <subfield code="v">Juvenile fiction.</subfield>
  </datafield>
  <datafield tag="650" ind1=" " ind2="0">
    <subfield code="a">Short stories, American</subfield>
    <subfield code="v">Juvenile fiction.</subfield>
  </datafield>
  <datafield tag="650" ind1=" " ind2="1">
    <subfield code="a">Horror stories.</subfield>
  </datafield>
  <datafield tag="856" ind1="4" ind2="2">
    <subfield code="3">Contributor biographical information</subfield>
    <subfield code="u">http://www.loc.gov/catdir/enhancements/fy0667/2004266452-b.html</subfield>
  </datafield>
  <datafield tag="856" ind1="4" ind2="2">
    <subfield code="3">Publisher description</subfield>
    <subfield code="u">http://www.loc.gov/catdir/enhancements/fy0667/2004266452-d.html</subfield>
  </datafield>
  <datafield tag="856" ind1="4" ind2="1">
    <subfield code="3">Sample text</subfield>
    <subfield code="u">http://www.loc.gov/catdir/enhancements/fy1207/2004266452-s.html</subfield>
  </datafield>
  <datafield tag="906" ind1=" " ind2=" ">
    <subfield code="a">7</subfield>
    <subfield code="b">cbc</subfield>
    <subfield code="c">copycat</subfield>
    <subfield code="d">2</subfield>
    <subfield code="e">ncip</subfield>
    <subfield code="f">20</subfield>
    <subfield code="g">y-gencatlg</subfield>
  </datafield>
  <datafield tag="942" ind1=" " ind2=" ">
    <subfield code="2">lcc</subfield>
    <subfield code="c">BK</subfield>
    <subfield code="n">0</subfield>
  </datafield>
  <datafield tag="999" ind1=" " ind2=" ">
    <subfield code="c">6</subfield>
    <subfield code="d">6</subfield>
  </datafield>
  <datafield tag="952" ind1=" " ind2=" ">
    <subfield code="0">0</subfield>
    <subfield code="1">0</subfield>
    <subfield code="2">ddc</subfield>
    <subfield code="4">0</subfield>
    <subfield code="7">0</subfield>
    <subfield code="8">JUVF</subfield>
    <subfield code="a">001</subfield>
    <subfield code="b">001</subfield>
    <subfield code="c">TK Yellow</subfield>
    <subfield code="d">2023-02-24</subfield>
    <subfield code="l">3</subfield>
    <subfield code="o">LUB 808.83 PZ7.L96775</subfield>
    <subfield code="p">FISTK00575</subfield>
    <subfield code="r">2026-03-20 08:08:49</subfield>
    <subfield code="s">2026-01-30</subfield>
    <subfield code="w">2023-02-24</subfield>
    <subfield code="y">BK</subfield>
  </datafield>
</record>
